Kings of the Vandals Quiz - Statistics

General Stats
  • This quiz has been taken 10 times
  • The average score is 4 of 6
Answer Stats
Hint Answer % Correct
435-477 Gaiseric
86%
530-534 Gelimer
86%
523-530 Hilderic
57%
477-484 Huneric
57%
496-523 Thrasamund
57%
484-496 Gunthamund
29%
No matching quizzes found
Score Distribution
Percent of People with Each Score
Percentile by Number Answered
Your Score History
You have not taken this quiz